[Event "Guernsey Holiday"]
[Site "?"]
[Date "2008.10.24"]
[Round "6"]
[White "Newell, David F"]
[Black "Gibson, John"]
[Result "1-0"]
[WhiteElo "1632"]
[BlackElo "1584"]
[PlyCount "99"]
[EventDate "2008.10.19"]

1. d4 e6 2. Nf3 f5 3. Bf4 Nf6 4. e3 Be7 5. h3 O-O 6. Bd3 d6 7. Nbd2 Nc6 8. c3
Qe8 9. O-O Qh5 10. Bg5 h6 11. Bh4 e5 12. Bc4+ Kh8 13. dxe5 dxe5 14. Nxe5 Nxe5
15. Qxh5 Nxh5 16. Bxe7 Re8 17. Be2 Rxe7 18. Bxh5 Be6 19. Nf3 Bd5 20. Rfd1 Bxf3
21. Bxf3 Nxf3+ 22. gxf3 Rae8 23. Rd5 g6 24. Rad1 Kg7 25. Kf1 Kf7 26. Kg2 Re6
27. Kg3 Kf6 28. h4 R8e7 29. Rd7 b6 30. Rd8 Re8 31. Rxe8 Rxe8 32. Rd7 Re7 33.
Rxe7 Kxe7 34. e4 Kf6 35. Kf4 g5+ 36. hxg5+ hxg5+ 37. Ke3 Ke5 38. b4 b5 39. Kd3
a6 40. Ke3 fxe4 41. fxe4 g4 42. f4+ gxf3 43. Kxf3 Ke6 44. Kf4 Kf6 45. e5+ Ke6
46. Ke4 c6 47. Kf4 Ke7 48. Kf5 Kf7 49. e6+ Ke7 50. Ke5 1-0

[Event "Guernsey Holiday"]
[Site "?"]
[Date "2008.10.24"]
[Round "6"]
[White "Kershaw, Graham J"]
[Black "Hoogakker, Peter"]
[Result "0-1"]
[WhiteElo "1648"]
[BlackElo "1736"]
[PlyCount "70"]
[EventDate "2008.10.19"]

1. e4 e5 2. Nf3 d6 3. Bc4 Nc6 4. O-O Bg4 5. c3 Nf6 6. d3 Be7 7. h3 Bh5 8. Nbd2
O-O 9. Re1 Nd7 10. Nf1 Na5 11. Bb5 f5 12. Ng3 fxe4 13. dxe4 Bxf3 14. gxf3 a6
15. Ba4 b5 16. Bc2 Bg5 17. Kg2 Nc4 18. b3 Ncb6 19. Be3 Qf6 20. Rh1 Rf7 21. Bd3
Qh6 22. Qd2 Bxe3 23. fxe3 Raf8 24. Be2 Kh8 25. Rh2 Qg6 26. Kf2 Nb8 27. Nf5 Qh5
28. Rg1 g6 29. Ng3 Qh4 30. Kg2 N8d7 31. Qe1 Nc5 32. Nh1 Qg5+ 33. Kf1 Qxe3 34.
Rf2 Nxe4 35. fxe4 Qxh3+ 0-1

[Event "Guernsey Holiday"]
[Site "?"]
[Date "2008.10.24"]
[Round "6"]
[White "Van Hoek, Wim J"]
[Black "Kearsley, Raymond J"]
[Result "1/2-1/2"]
[WhiteElo "1751"]
[BlackElo "1608"]
[PlyCount "65"]
[EventDate "2008.10.19"]

1. e4 d5 2. exd5 Nf6 3. d4 Nxd5 4. Nf3 g6 5. c4 Nb6 6. Nc3 Bg7 7. Be3 O-O 8.
Be2 Nc6 9. Rc1 Bg4 10. d5 Bxf3 11. Bxf3 Ne5 12. b3 c6 13. O-O Rc8 14. Be2 cxd5
15. Bxb6 Qxb6 16. Nxd5 Qd8 17. Qc2 e6 18. Nb4 Qe7 19. a3 Rfd8 20. Rcd1 Rxd1 21.
Rxd1 Rd8 22. f4 Nc6 23. Nxc6 Rxd1+ 24. Qxd1 Qc5+ 25. Kh1 Qxc6 26. Bf3 Qc7 27.
g3 b6 28. Qd3 Qc5 29. b4 Qf2 30. Qe2 Qxe2 31. Bxe2 Bb2 32. a4 Ba3 33. b5
1/2-1/2

[Event "Guernsey Holiday"]
[Site "?"]
[Date "2008.10.24"]
[Round "6"]
[White "Viviani, Mario"]
[Black "Finch, J Russell"]
[Result "1-0"]
[WhiteElo "1733"]
[BlackElo "1603"]
[PlyCount "43"]
[EventDate "2008.10.19"]

1. c4 Nf6 2. Nc3 g6 3. e4 d6 4. d4 Bg7 5. Be3 O-O 6. Bd3 e5 7. h3 Nc6 8. Nge2
exd4 9. Nxd4 Re8 10. Rc1 Nxd4 11. Bxd4 c6 12. O-O Nh5 13. Be2 Bxd4 14. Qxd4 Qg5
15. Bxh5 gxh5 16. f4 Qh4 17. f5 d5 18. cxd5 cxd5 19. Nxd5 Qd8 20. Rf3 Qg5 21.
Nf6+ Kf8 22. Nxh7+ 1-0

[Event "Guernsey Holiday"]
[Site "?"]
[Date "2008.10.24"]
[Round "6"]
[White "Beadle, JR.."]
[Black "Wood, PC.."]
[Result "1-0"]
[WhiteElo "1352"]
[BlackElo "1664"]
[PlyCount "86"]
[EventDate "2008.10.19"]

1. e4 e6 2. d4 d5 3. e5 Qd7 4. Nf3 b6 5. Bd3 Ba6 6. O-O Bxd3 7. Qxd3 Ne7 8. Bf4
c5 9. c3 Nbc6 10. a3 Nf5 11. h3 Be7 12. Nbd2 cxd4 13. cxd4 Rc8 14. Rac1 O-O 15.
g4 Nh4 16. Ng5 Bxg5 17. Bxg5 Ng6 18. Nf3 h6 19. Bd2 Qd8 20. Kh2 Nh4 21. Nxh4
Qxh4 22. f4 Qd8 23. f5 Na5 24. Rxc8 Qxc8 25. f6 Qc4 26. Qf3 g5 27. Bc3 Nc6 28.
Qf2 Rc8 29. Rg1 Qd3 30. h4 b5 31. Rg3 Qg6 32. Rh3 a5 33. hxg5 hxg5 34. Rh5 b4
35. Bd2 Qd3 36. Be3 Nxd4 37. Rxg5+ Kf8 38. Rh5 Kg8 39. Qf4 Rc2+ 40. Kh3 Re2 41.
Qg5+ Qg6 42. Bxd4 Qxg5 43. Rxg5+ Kf8 1-0

[Event "Guernsey Holiday"]
[Site "?"]
[Date "2008.10.24"]
[Round "6"]
[White "Timmerman, Peter"]
[Black "Jongerius, Marc"]
[Result "1/2-1/2"]
[WhiteElo "1598"]
[BlackElo "1658"]
[PlyCount "44"]
[EventDate "2008.10.19"]

1. e4 e5 2. Nf3 Nc6 3. d4 exd4 4. Bc4 Nf6 5. O-O Bc5 6. Bg5 d6 7. c3 Bg4 8. Bb5
O-O 9. h3 Bxf3 10. Qxf3 Ne5 11. Qd1 d3 12. Bxd3 Qe7 13. Bc2 h6 14. Bh4 Ng6 15.
Bxf6 Qxf6 16. Nd2 Qg5 17. Nf3 Qg3 18. Nd4 Qg5 19. Nf3 {(=)} Qg3 20. Nd4 Qe5 21.
Nf3 Qf6 22. Nd4 Qg5 1/2-1/2

[Event "Guernsey Holiday"]
[Site "?"]
[Date "2008.10.24"]
[Round "6"]
[White "Norman, Dinah M"]
[Black "Newrick, William R"]
[Result "1-0"]
[WhiteElo "1656"]
[BlackElo "1347"]
[PlyCount "67"]
[EventDate "2008.10.19"]

1. d4 d5 2. Nf3 Nf6 3. e3 e6 4. Bd3 c5 5. c3 Nc6 6. Nbd2 cxd4 7. exd4 Bd6 8.
O-O O-O 9. Re1 Qc7 10. Nf1 e5 11. dxe5 Nxe5 12. Nxe5 Bxe5 13. h3 Be6 14. Be3
Rfd8 15. Rc1 Bf4 16. Qf3 Bxe3 17. Nxe3 Rac8 18. Nf5 g6 19. Nd4 Qe7 20. Rcd1 Ne4
21. Bxe4 dxe4 22. Qxe4 Rd6 23. Qf3 a6 24. Nxe6 Rxd1 25. Rxd1 fxe6 26. Qe4 Rf8
27. Re1 Rf6 28. Qe5 Kf7 29. Rd1 Rf5 30. Qh8 Rh5 31. Rd3 e5 32. Rf3+ Ke6 33.
Qg8+ Kd7 34. Rf7 1-0

[Event "Guernsey Holiday"]
[Site "?"]
[Date "2008.10.24"]
[Round "6"]
[White "Bakkes, Frits"]
[Black "O'Connor, J.."]
[Result "1-0"]
[WhiteElo "1587"]
[BlackElo "1580"]
[PlyCount "121"]
[EventDate "2008.10.19"]

1. d4 c5 2. Nf3 cxd4 3. Nxd4 Nc6 4. Nc3 Nf6 5. Bf4 d6 6. e3 e5 7. Nxc6 bxc6 8.
Bg5 Be7 9. Qd2 h6 10. Bxf6 Bxf6 11. Ne4 d5 12. Nxf6+ Qxf6 13. Be2 O-O 14. O-O
e4 15. c3 Qg6 16. Rfd1 Rb8 17. b4 Rd8 18. Qd4 Bh3 19. Bf1 Rb7 20. Kh1 Bg4 21.
Rd2 Rbd7 22. a4 Qd6 23. a5 Qc7 24. a6 f5 25. Ra5 Rf7 26. Rc5 f4 27. b5 fxe3 28.
Qxe3 Rd6 29. Rb2 Rg6 30. Rxc6 Rxc6 31. bxc6 Qxc6 32. Bb5 Qf6 33. Bf1 Rc7 34.
Qg3 Rxc3 35. Qxg4 Rc1 36. Rb8+ Kh7 37. Kg1 Qxa6 38. Qf5+ Qg6 39. Qxg6+ Kxg6 40.
Rd8 Rd1 41. g3 a5 42. Kg2 a4 43. Ra8 Ra1 44. Bb5 a3 45. Bc6 d4 46. Bxe4+ Kf6
47. Bd3 Ke5 48. Ra5+ Kd6 49. Kf3 a2 50. Bc4 Kc6 51. Rxa2 Rxa2 52. Bxa2 Kc5 53.
Ke4 g5 54. g4 d3 55. Kxd3 Kd6 56. Ke4 Ke7 57. Kf5 Kf8 58. Kg6 h5 59. gxh5 g4
60. h6 g3 61. hxg3 1-0

[Event "Guernsey Holiday"]
[Site "?"]
[Date "2008.10.24"]
[Round "6"]
[White "Onwezen, Eric"]
[Black "Foster, P.."]
[Result "0-1"]
[WhiteElo "1621"]
[BlackElo "1488"]
[PlyCount "76"]
[EventDate "2008.10.19"]

1. e4 c6 2. d4 d5 3. Nc3 dxe4 4. Nxe4 Nf6 5. Ng3 Bf5 6. f4 Nbd7 7. Nf3 e6 8.
Bd3 Bxd3 9. Qxd3 g6 10. O-O Bg7 11. Kh1 O-O 12. Bd2 Qb6 13. Bc3 c5 14. Ne5 Nxe5
15. dxe5 Rad8 16. Qf3 Nd5 17. Ne4 Rd7 18. a4 Rfd8 19. a5 Qc6 20. h4 Nxc3 21.
Nxc3 Qxf3 22. Rxf3 Rd2 23. Rc1 R8d4 24. Nb5 Rb4 25. Nxa7 Rxb2 26. Rc3 Bf8 27.
Nc8 Ra2 28. Nb6 Rd4 29. g3 Rxa5 30. Kg2 Kg7 31. Nc4 Rb5 32. Kf3 Rb4 33. Ne3 c4
34. Ra1 b5 35. Ra7 Ra4 36. Rxa4 bxa4 37. Rxc4 Rxc4 38. Nxc4 f5 0-1

[Event "Guernsey Holiday"]
[Site "?"]
[Date "2008.10.24"]
[Round "6"]
[White "Randall, David Charles"]
[Black "Harnden, Terry W"]
[Result "1/2-1/2"]
[WhiteElo "1576"]
[BlackElo "1327"]
[PlyCount "71"]
[EventDate "2008.10.19"]

1. e4 c5 2. Nf3 g6 3. d4 cxd4 4. Nxd4 Bg7 5. Be3 Nf6 6. Nc3 Nc6 7. f3 O-O 8.
Bc4 e6 9. Bb3 Na5 10. Qd2 Nc6 11. O-O-O Ne5 12. h4 a6 13. h5 b5 14. hxg6 fxg6
15. Bh6 Bxh6 16. Qxh6 Nf7 17. Qh4 Nh5 18. Qxd8 Nxd8 19. Nde2 Kg7 20. Rd2 Nb7
21. Nd1 Nc5 22. Ne3 a5 23. c3 b4 24. Bc2 bxc3 25. Nxc3 Rb8 26. Nc4 Ra8 27. Na4
Nxa4 28. Bxa4 Ra7 29. Nb6 Rd8 30. Kb1 Nf6 31. e5 Nh5 32. Nxc8 Rxc8 33. Rhd1 Rd8
34. Bxd7 Nf4 {(=)} 35. g3 Nh5 36. Bc6 1/2-1/2

[Event "Guernsey Holiday"]
[Site "?"]
[Date "2008.10.24"]
[Round "6"]
[White "Spicer, J.."]
[Black "Van Rooijen, Gerardus C"]
[Result "1/2-1/2"]
[WhiteElo "1288"]
[BlackElo "1593"]
[PlyCount "46"]
[EventDate "2008.10.19"]

1. e4 c5 2. Nc3 d6 3. f4 e6 4. Bc4 a6 5. Nf3 b5 6. Be2 Nf6 7. d3 Nc6 8. O-O Be7
9. Qe1 O-O 10. Qg3 Ne8 11. e5 d5 12. Ng5 f6 13. exf6 Nxf6 14. Qh3 Nd4 15. Bg4
Qb6 16. Rf2 h6 17. Nf3 Nxg4 18. Qxg4 Nxf3+ 19. Rxf3 c4+ 20. Kh1 Qd8 21. Rg3 Rf7
22. Qg6 Bh4 23. Rf3 Be7 1/2-1/2

[Event "Guernsey Holiday"]
[Site "?"]
[Date "2008.10.24"]
[Round "6"]
[White "Bateman, Kerry D"]
[Black "Collins, Alan"]
[Result "1-0"]
[WhiteElo "1588"]
[BlackElo "1464"]
[PlyCount "67"]
[EventDate "2008.10.19"]

1. e4 d5 2. exd5 Qxd5 3. Nf3 Nf6 4. Nc3 Qa5 5. b4 Qxb4 6. Rb1 Qd6 7. Bc4 a6 8.
a4 e6 9. O-O Be7 10. Rb3 O-O 11. Ba3 Qd8 12. Bxe7 Qxe7 13. Re1 c6 14. Qa1 Qc5
15. Bd3 Nbd7 16. Ne4 Nxe4 17. Rxe4 Qe7 18. Rh4 g6 19. Rh3 e5 20. Bc4 Nc5 21.
Nxe5 Nxb3 22. Rxb3 Be6 23. Re3 Qg5 24. f3 Bxc4 25. Nxc4 f6 26. Qa2 Kg7 27. Nd6
Qd5 28. Re7+ Kg8 29. Qb2 b5 30. Ne4 Qf5 31. Qd4 Rad8 32. Qa7 g5 33. Rg7+ Kh8
34. g4 1-0

[Event "Guernsey Holiday"]
[Site "?"]
[Date "2008.10.24"]
[Round "6"]
[White "Herschmann, Heinz"]
[Black "Nalichowski, Bogdan"]
[Result "0-1"]
[WhiteElo "1320"]
[BlackElo "1537"]
[PlyCount "366"]
[EventDate "2008.10.19"]

1. e4 e5 2. Nf3 Nc6 3. d3 Bc5 4. Be2 Nf6 5. O-O h6 6. h3 d6 7. Nc3 Be6 8. Na4
g5 9. Nxc5 dxc5 10. Nh2 Qd7 11. Ng4 Nxg4 12. Bxg4 Bxg4 13. Qxg4 Qxg4 14. hxg4
O-O-O 15. Be3 b6 16. a3 f6 17. g3 Rd7 18. Rac1 h5 19. gxh5 Rxh5 20. Kg2 Rdh7
21. Rh1 Kd7 22. Rxh5 Rxh5 23. Rh1 Rxh1 24. Kxh1 Nd8 25. Kg2 Nf7 26. g4 a5 27.
a4 Kc6 28. c4 Kb7 29. Kf1 Ka6 30. Ke2 c6 31. b3 Nh6 32. f3 Ng8 33. Kd2 Ne7 34.
Ke2 Nc8 35. Kd2 Nd6 36. Kc3 Nb7 37. Kc2 b5 38. Kc3 bxa4 39. bxa4 Kb6 40. Kc2
Nd8 41. Kd1 Ne6 42. Ke1 Nd4 43. Kf2 Nc2 44. Bd2 Nb4 45. Ke2 Na2 46. Kd1 Ka6 47.
Ke2 Kb6 48. Ke3 Nb4 49. Ke2 Nc2 50. Kf2 Nd4 51. Bc3 Ka6 52. Ke3 Nc2+ 53. Ke2
Nb4 54. Kd2 Na2 55. Bb2 Kb7 56. Ke2 Kc7 57. Kd2 Kd6 58. Ke3 Nb4 59. Kd2 Ke6 60.
Bc3 Kd6 61. Bb2 Kc7 62. Kc3 Kb7 63. Kd2 Na2 64. Kc2 Nb4+ 65. Kd2 Na6 66. Bc3
Kb6 67. Kc2 Nc7 68. Kd2 Ne6 69. Ke3 Nf4 70. Bd2 Ng2+ 71. Kf2 Nf4 72. Ke3 Ng6
73. Kf2 Nh4 74. Ke3 Ka6 75. Kf2 Ng6 76. Ke3 Nf4 77. Bc1 Kb6 78. Bd2 Ne6 79. Bc3
Nd4 80. Bb2 Nc2+ 81. Kd2 Nd4 82. Ke3 Kc7 83. Bc3 Kb6 84. Bb2 Nb3 85. Bc3 Nc1
86. Bb2 Nb3 87. Ke2 Kb7 88. Ke3 Nd4 89. Bc3 Kb6 90. Bb2 Nc2+ 91. Kd2 Nb4 92.
Bc3 Na6 93. Ke3 Nc7 94. Kf2 Ne8 95. Ke3 Ng7 96. Ke2 Ne6 97. Ke3 Nf4 98. Be1
Ng2+ 99. Kf2 Nh4 100. Bd2 Ng6 101. Ke3 Nf8 102. Bc3 Ne6 103. Kf2 Nd4 104. Ke3
Nc2+ 105. Kd2 Nd4 106. Ke3 Nc2+ 107. Kd2 Nb4 108. Ke3 Na6 109. Ke2 Nb8 110. Ke3
Nd7 111. Ke2 Nf8 112. Ke3 Ne6 113. Ke2 Ka6 114. Ke3 Nf8 115. Be1 Ne6 116. Bc3
Nf8 117. Be1 Ng6 118. Bc3 Nf4 119. Bd2 Ng2+ 120. Kf2 Nf4 121. Ke3 Ne6 122. Bc3
Nd4 123. Bb2 Nc2+ 124. Kd2 Nb4 125. Bc3 Kb6 126. Ke3 Nc2+ 127. Kd2 Nd4 128. Ke3
Ne6 129. Be1 Nf8 130. Bc3 Ng6 131. Be1 Ka6 132. Bc3 Nh4 133. Kf2 Kb6 134. Ke3
Ka6 135. Kf2 Ng6 136. Ke3 Nf4 137. Bd2 Ne6 138. Bc3 Nd4 139. Bb2 Kb7 140. Bc3
Kb6 141. Kf2 Nc2 142. Ke2 Nb4 143. Kd2 Na2 144. Bb2 Kc7 145. Ke3 Kd6 146. Kd2
Ke6 147. Ke3 Kf7 148. Kf2 Kg6 149. Kg3 Nb4 150. Bc3 Kf7 151. Kg2 Ke7 152. Kf1
Nxd3 153. Ke2 Nb4 154. Kd2 Kd7 155. Bb2 Kc7 156. Kc3 Kb6 157. Kd2 Na6 158. Kc3
Nc7 159. Kd3 Ne6 160. Ke3 Nf4 161. Bc3 Ng2+ 162. Kf2 Nh4 163. Ke3 Ng2+ 164. Kf2
Nf4 165. Ke3 Ne6 166. Bb2 Nd4 167. Bc3 Nb3 168. Bb2 Nd4 169. Bc3 Nc2+ 170. Kd3
Nb4+ 171. Kd2 Kc7 172. Bb2 Na6 173. Bc3 Kb6 174. Bb2 Nb8 175. Bc3 Ka6 176. Kc2
Nd7 177. Kb3 Nf8 178. Kc2 Ne6 179. Kd2 Nd4 180. Ke3 Ne6 181. Kf2 Nf8 182. Be1
Nd7 183. Ke3 Nb6 0-1

[Event "Guernsey Holiday"]
[Site "?"]
[Date "2008.10.24"]
[Round "6"]
[White "Le Messurier, R.."]
[Black "Kirk, M.."]
[Result "0-1"]
[WhiteElo "1210"]
[BlackElo "1494"]
[PlyCount "28"]
[EventDate "2008.10.19"]

1. e4 c6 2. d4 d5 3. Nc3 dxe4 4. Nxe4 Bf5 5. f3 e6 6. c3 Bxe4 7. fxe4 Qh4+ 8.
g3 Qxe4+ 9. Qe2 Qxh1 10. Nf3 Bd6 11. Bf4 Bxf4 12. gxf4 Nf6 13. O-O-O Nd5 14.
Qd2 Qxf3 0-1

[Event "Guernsey Holiday"]
[Site "?"]
[Date "2008.10.24"]
[Round "6"]
[White "Cox, Marian"]
[Black "Carrick, Peter"]
[Result "0-1"]
[WhiteElo "1192"]
[BlackElo "1272"]
[PlyCount "124"]
[EventDate "2008.10.19"]

1. e4 e5 2. Nf3 Nc6 3. Bc4 Nf6 4. d3 Be7 5. O-O O-O 6. Nc3 d6 7. Bg5 Bg4 8. Nd5
Nxd5 9. Bxe7 Ndxe7 10. h3 Bxf3 11. Qxf3 Nd4 12. Qd1 Kh8 13. f4 b5 14. Bb3 Nxb3
15. axb3 a5 16. fxe5 dxe5 17. c4 b4 18. Kf2 Qd4+ 19. Kf3 Qxb2 20. Rb1 Qd4 21.
Qd2 Ra6 22. Ke2 Rd6 23. Rf3 Ng8 24. Rbf1 Rf6 25. g4 Rxf3 26. Rxf3 Qd6 27. h4
Qh6 28. h5 Qxd2+ 29. Kxd2 h6 30. Rf5 f6 31. Rf1 Ne7 32. Ke3 Nc6 33. Ra1 Ra8 34.
Kd2 Nd4 35. Rb1 c5 36. Kc1 Nf3 37. Rb2 Nd4 38. Kd2 Kg8 39. Ke3 Kf7 40. Rb1 a4
41. bxa4 Rxa4 42. Kd2 Ke6 43. Ke3 Ra3 44. Rb2 Nc6 45. Kd2 Na5 46. Kc2 Rc3+ 47.
Kd2 Nb3+ 48. Ke3 Na5 49. Ra2 Nxc4+ 50. Ke2 Na3 51. Kd2 Nb1+ 52. Ke2 Ra3 53. Rc2
Nc3+ 54. Kd2 Ra2 55. Rxa2 Nxa2 56. Kc2 Nc3 57. Kd2 Kd6 58. Kc2 Kc6 59. Kb2 Kb5
60. Kb3 Nd1 61. Kc2 Nf2 62. Kd2 Nxg4 0-1

[Event "Guernsey Holiday"]
[Site "?"]
[Date "2008.10.24"]
[Round "6"]
[White "Cox, Reginald E"]
[Black "Foran, Barry"]
[Result "0-1"]
[WhiteElo "1088"]
[BlackElo "1310"]
[PlyCount "56"]
[EventDate "2008.10.19"]

1. e4 c6 2. b3 d5 3. exd5 cxd5 4. Bb2 Nf6 5. d4 Nc6 6. Nf3 Bf5 7. Bb5 e6 8. O-O
Bd6 9. Nbd2 Rc8 10. Re1 O-O 11. Bxc6 Rxc6 12. c3 Qc7 13. g3 b5 14. a3 a5 15. b4
Bg4 16. Qc1 axb4 17. Ne5 bxc3 18. Nxc6 cxd2 19. Qxd2 Qxc6 20. Rac1 Qb7 21. Rc3
Ne4 22. Rxe4 dxe4 23. Qg5 Bf3 24. Rb3 Qd5 25. Qe3 Rc8 26. h4 Qf5 27. Kh2 Qh5
28. Qd2 Qxh4+ 0-1

[Event "Guernsey Holiday"]
[Site "?"]
[Date "2008.10.24"]
[Round "6"]
[White "Brown, Jim"]
[Black "Le Maitre, Richard"]
[Result "1/2-1/2"]
[WhiteElo "1088"]
[BlackElo "1229"]
[PlyCount "70"]
[EventDate "2008.10.19"]

1. Nf3 d5 2. d4 Nc6 3. e3 Nf6 4. Nbd2 e6 5. Be2 Be7 6. O-O O-O 7. b3 Bd7 8. Bb2
Rc8 9. c4 dxc4 10. Bxc4 Na5 11. Be2 c5 12. Rc1 cxd4 13. exd4 Nd5 14. Nc4 Nc6
15. a3 b5 16. Nce5 Nxe5 17. dxe5 Nf4 18. b4 a6 19. Re1 Bc6 20. g3 Qxd1 21.
Rcxd1 Nxe2+ 22. Kg2 Nxg3 23. hxg3 Bxf3+ 24. Kxf3 Rc2 25. Re2 Rxe2 26. Kxe2 Rd8
27. Rxd8+ Bxd8 28. f4 Bb6 29. g4 g6 30. f5 Kf8 31. Kf3 Ke7 32. Ke4 Kd7 33. Bd4
Kc6 34. Bxb6 Kxb6 35. Kd4 Kc6 1/2-1/2

[Event "Guernsey Holiday"]
[Site "?"]
[Date "2008.10.24"]
[Round "6"]
[White "Bennett, DW.."]
[Black "Stoop, Michael"]
[Result "0-1"]
[WhiteElo "1136"]
[BlackElo "1080"]
[PlyCount "153"]
[EventDate "2008.10.19"]

1. Nf3 Nf6 2. d4 g6 3. Nc3 Bg7 4. e4 d6 5. Bc4 O-O 6. O-O Nbd7 7. Bf4 b6 8. Qd2
Re8 9. Bb5 Bb7 10. Rfe1 c5 11. Bh6 Bh8 12. d5 a6 13. Be2 e6 14. Bg5 Qc7 15.
dxe6 Rxe6 16. Bc4 Ree8 17. Bf4 Ne5 18. Bxe5 dxe5 19. Rad1 b5 20. Bd5 Rad8 21.
Qg5 b4 22. Bxb7 Qxb7 23. Na4 Qc6 24. b3 Rxd1 25. Rxd1 Nxe4 26. Qe3 f5 27. g3
Bf6 28. h4 h5 29. Nb2 Nc3 30. Re1 Kg7 31. Nc4 e4 32. Ng5 Bxg5 33. Qxg5 Nxa2 34.
Qf4 Nc3 35. Nd6 Re6 36. Nc4 Re7 37. Qg5 Qf6 38. Qe3 Qd4 39. Qg5 Qd8 40. Qe3 Qc8
41. Qg5 Qd8 42. Qe3 Qc8 43. f3 Qc6 44. Qg5 Qf6 45. Qe3 Qc6 46. Qf4 Qc7 47. Qe3
Qc6 48. Qg5 Qf6 49. Qe3 Qd4 50. fxe4 Qxe3+ 51. Rxe3 Rxe4 52. Rxe4 Nxe4 53. Kg2
Kf6 54. Ne3 Ke5 55. Kf3 g5 56. hxg5 Nxg5+ 57. Kg2 f4 58. Nc4+ Ke4 59. Nd6+ Ke5
60. Nc4+ Kf5 61. Nd6+ Ke5 62. Nb7 f3+ 63. Kf2 Kd5 64. Na5 Ke4 65. Nb7 Nh3+ 66.
Kf1 Kd5 67. Na5 Kd4 68. Nc4 Kc3 69. Ne5 Ng5 70. Nd3 c4 71. Nc5 Kxc2 72. bxc4
Kc3 73. Nxa6 Kxc4 74. Nc7 b3 75. Ne8 b2 76. Nd6+ Kb3 77. Nf5 0-1

[Event "Guernsey Holiday"]
[Site "?"]
[Date "2008.10.25"]
[Round "7"]
[White "Newell, David F"]
[Black "Goman, Colin R"]
[Result "0-1"]
[WhiteElo "1632"]
[BlackElo "1590"]
[PlyCount "48"]
[EventDate "2008.10.19"]

1. f4 d5 2. g3 Nf6 3. Bg2 c6 4. Nf3 Nbd7 5. O-O Qc7 6. d3 e5 7. fxe5 Nxe5 8.
Nc3 Nxf3+ 9. exf3 Be6 10. Be3 O-O-O 11. Bd4 Nd7 12. f4 Bc5 13. Bxc5 Nxc5 14. d4
Na6 15. f5 Bd7 16. a3 Qd6 17. Qf3 Nc7 18. Rae1 Rde8 19. Kh1 Rxe1 20. Rxe1 Qf6
21. g4 Qxd4 22. Re7 Qf6 23. Qe3 d4 24. g5 Qd6 0-1

[Event "Guernsey Holiday"]
[Site "?"]
[Date "2008.10.25"]
[Round "7"]
[White "Haisma, Henk J"]
[Black "Hoogakker, Peter"]
[Result "1/2-1/2"]
[WhiteElo "1732"]
[BlackElo "1736"]
[PlyCount "48"]
[EventDate "2008.10.19"]

1. b4 c6 2. Bb2 Qb6 3. a3 a5 4. c4 axb4 5. c5 Qc7 6. axb4 Rxa1 7. Bxa1 Nf6 8.
Nc3 d6 9. d4 d5 10. Nf3 Bf5 11. e3 e6 12. b5 Qa5 13. Qa4 Qxa4 14. Nxa4 Be7 15.
Be2 O-O 16. O-O Nbd7 17. Nc3 Ra8 18. Bb2 {(=)} Ne4 19. Ra1 Rxa1+ 20. Bxa1 Nxc3
21. Bxc3 Bd8 22. bxc6 bxc6 23. Ba6 Nb8 24. Be2 f6 1/2-1/2

[Event "Guernsey Holiday"]
[Site "?"]
[Date "2008.10.25"]
[Round "7"]
[White "Bakkes, Frits"]
[Black "Viviani, Mario"]
[Result "0-1"]
[WhiteElo "1587"]
[BlackElo "1733"]
[PlyCount "40"]
[EventDate "2008.10.19"]

1. d4 c6 2. e4 g6 3. Nc3 Bg7 4. Nf3 d6 5. a4 Nf6 6. Bf4 Nbd7 7. h3 Qc7 8. b4
O-O 9. Qd2 e5 10. Bh6 Re8 11. Bxg7 Kxg7 12. Bd3 exd4 13. Ne2 Nxe4 14. Bxe4 Rxe4
15. Ng5 Re7 16. Qxd4+ f6 17. f4 Nf8 18. Ne4 Bf5 19. Qxf6+ Kg8 20. Qxd6 Bxe4 0-1

[Event "Guernsey Holiday"]
[Site "?"]
[Date "2008.10.25"]
[Round "7"]
[White "Gibson, John"]
[Black "Norman, Dinah M"]
[Result "1/2-1/2"]
[WhiteElo "1584"]
[BlackElo "1656"]
[PlyCount "68"]
[EventDate "2008.10.19"]

1. d4 d5 2. Nf3 Nf6 3. Bg5 c6 4. e3 Bf5 5. Ne5 Nbd7 6. Nxd7 Qxd7 7. Bxf6 exf6
8. Bd3 Bd6 9. Qe2 O-O 10. Nd2 Rfe8 11. O-O Bc7 12. c4 Bxd3 13. Qxd3 dxc4 14.
Qxc4 Rad8 15. Nf3 Qd5 16. Qxd5 Rxd5 17. Rfc1 f5 18. Re1 f6 19. Re2 g5 20. g3 g4
21. Ne1 Rxd4 22. Nc2 Rd5 23. Rae1 Kf7 24. Kg2 h5 25. h3 Bb6 26. hxg4 fxg4 27.
e4 Rde5 28. f3 gxf3+ 29. Kxf3 Rg5 30. Rg2 Rd8 31. Ne3 Rd3 32. Rge2 Bxe3 33.
Rxe3 Rxe3+ 34. Rxe3 Rc5 1/2-1/2

[Event "Guernsey Holiday"]
[Site "?"]
[Date "2008.10.25"]
[Round "7"]
[White "Van Hoek, Wim J"]
[Black "Beadle, JR.."]
[Result "1-0"]
[WhiteElo "1751"]
[BlackElo "1352"]
[PlyCount "57"]
[EventDate "2008.10.19"]

1. e4 c5 2. Nf3 d6 3. c3 Nf6 4. Qc2 g6 5. d4 cxd4 6. cxd4 Bg7 7. Nc3 O-O 8. h3
Nc6 9. d5 Nb4 10. Qd1 a5 11. Be3 Bd7 12. a3 Na6 13. Rc1 Nc5 14. Bxc5 dxc5 15.
e5 Ne8 16. Bc4 Nc7 17. a4 Na6 18. Bxa6 Rxa6 19. Nb5 Qc8 20. Qe2 Re8 21. O-O h6
22. Rfe1 g5 23. Qc4 b6 24. e6 fxe6 25. dxe6 Bc6 26. Ne5 Bxe5 27. Rxe5 Rf8 28.
Qg4 Rf4 29. Rxg5+ 1-0

[Event "Guernsey Holiday"]
[Site "?"]
[Date "2008.10.25"]
[Round "7"]
[White "Kearsley, Raymond J"]
[Black "Brooker, CH.."]
[Result "0-1"]
[WhiteElo "1608"]
[BlackElo "1670"]
[PlyCount "86"]
[EventDate "2008.10.19"]

1. e4 d5 2. exd5 Qxd5 3. Nc3 Qa5 4. d4 c6 5. Nf3 Nf6 6. Bc4 Bf5 7. Bd2 Qc7 8.
Ne5 e6 9. g4 Be4 10. Nxe4 Nxe4 11. Bf4 Bd6 12. Qf3 Nf6 13. O-O-O Nbd7 14. Bg3
Nxe5 15. dxe5 Bxe5 16. Bxe5 Qxe5 17. Kb1 Qe4 18. Qb3 O-O 19. f3 Qe5 20. Rhe1
Qc7 21. Qe3 b5 22. Bd3 Nd5 23. Qe4 g6 24. h4 c5 25. Bxb5 Rab8 26. c4 Nc3+ 27.
bxc3 a6 28. h5 axb5 29. hxg6 bxc4+ 30. Ka1 hxg6 31. Rd2 Rfd8 32. Rxd8+ Rxd8 33.
Qxc4 Rd2 34. Rh1 Qb7 35. Rb1 Qxf3 36. g5 Qd5 37. Qxd5 Rxd5 38. Rg1 Kf8 39. Kb2
c4 40. Rg4 Ke7 41. Ka3 Ra5+ 42. Kb4 Rxa2 43. Kxc4 Ra4+ 0-1

[Event "Guernsey Holiday"]
[Site "?"]
[Date "2008.10.25"]
[Round "7"]
[White "Jongerius, Marc"]
[Black "Foster, P.."]
[Result "1-0"]
[WhiteElo "1658"]
[BlackElo "1488"]
[PlyCount "67"]
[EventDate "2008.10.19"]

1. e4 c6 2. d4 d5 3. Nc3 dxe4 4. Nxe4 Nf6 5. Nxf6+ gxf6 6. c3 Bf5 7. Ne2 e6 8.
Ng3 Bg6 9. h4 h5 10. Be2 Qa5 11. Bd3 Bxd3 12. Qxd3 Nd7 13. Bd2 O-O-O 14. Qc4
Nb6 15. Qb3 Bh6 16. O-O-O Qd5 17. Qxd5 Nxd5 18. Ne4 Bxd2+ 19. Rxd2 Rh6 20. Rh3
Rg6 21. Rg3 Kd7 22. Rxg6 fxg6 23. c4 f5 24. Nc5+ Ke7 25. cxd5 cxd5 26. Nxb7 Rb8
27. Na5 Rb6 28. b4 Kd7 29. a3 f4 30. Nb3 Kd6 31. Re2 a5 32. Nc5 axb4 33. Rxe6+
Kc7 34. Na6+ 1-0

[Event "Guernsey Holiday"]
[Site "?"]
[Date "2008.10.25"]
[Round "7"]
[White "Wood, PC.."]
[Black "Timmerman, Peter"]
[Result "1-0"]
[WhiteElo "1664"]
[BlackElo "1598"]
[PlyCount "51"]
[EventDate "2008.10.19"]

1. d4 Nf6 2. c4 e5 3. dxe5 Ne4 4. Qc2 d5 5. cxd5 Qxd5 6. Nc3 Bb4 7. Bd2 Bxc3 8.
Bxc3 Nc6 9. Rd1 Nxc3 10. Rxd5 Nxd5 11. Nf3 g6 12. a3 O-O 13. e4 Nde7 14. Bb5
Bg4 15. Bxc6 Nxc6 16. O-O Bxf3 17. gxf3 Rac8 18. Rd1 Nxe5 19. Kg2 f5 20. Qb3+
Rf7 21. f4 Nc6 22. Rd7 Rcf8 23. e5 Kg7 24. Rxf7+ Rxf7 25. Qxb7 Na5 26. Qb5 1-0

[Event "Guernsey Holiday"]
[Site "?"]
[Date "2008.10.25"]
[Round "7"]
[White "Finch, J Russell"]
[Black "Grange, DA.."]
[Result "1-0"]
[WhiteElo "1603"]
[BlackElo "1400"]
[PlyCount "43"]
[EventDate "2008.10.19"]

1. d4 d5 2. e3 Nf6 3. Nf3 c6 4. Bd3 e6 5. O-O Nbd7 6. Nbd2 a6 7. c4 dxc4 8.
Nxc4 c5 9. a4 b6 10. Qe2 Bb7 11. Nce5 Be7 12. Nxd7 Qxd7 13. dxc5 Bxc5 14. e4
O-O 15. e5 Nd5 16. Bxh7+ Kxh7 17. Ng5+ Kg6 18. Qg4 f5 19. Qg3 f4 20. Qg4 Rf5
21. Nxe6+ Rg5 22. Qxg5+ 1-0